[Event "AUT-chT 9697"]
[Site "Vorarlberg"]
[Date "1996.??.??"]
[Round "?"]
[White "Laske, Erich"]
[Black "Zech, Ludwig"]
[Result "1-0"]
[WhiteElo "2055"]
[BlackElo "1705"]
[PlyCount "127"]
[EventDate "1996.??.??"]
[EventType "team"]
[EventRounds "9"]
[EventCountry "AUT"]
[SourceTitle "EXT 1999"]
[Source "ChessBase"]
[SourceDate "1998.11.16"]
[SourceVersion "1"]
[SourceVersionDate "1998.11.16"]
[SourceQuality "1"]

1. Nf3 Nc6 2. c3 d5 3. d3 Bg4 4. Qb3 Rb8 5. Nbd2 e6 6. e4 Nf6 7. e5 Nd7 8. d4 a6 9. Bd3 Be7 10. h3 Bh5 11. Qc2 Bxf3 12. Nxf3 f5 13. exf6 Nxf6 14. Ng5 Bd6 15. Nxh7 Nxh7 16. Bxh7 Qh4 17. Bg6+ Kd7 18. Be3 Ne7 19. Bd3 Rbf8 20. 0-0-0 Bf4 21. Rde1 Rf6 22. Kb1 Bxe3 23. fxe3 Rf2 24. Re2 Rhf8 25. Rhe1 Rxe2 26. Qxe2 Rf2 27. Qd1 Rxg2 28. e4 Qf2 29. Re2 Qg1 30. Qxg1 Rxg1+ 31. Kc2 g5 32. Rf2 Rg3 33. Rf7 Ke8 34. Rh7 c6 35. e5 a5 36. Be2 b5 37. Bg4 Nf5 38. Kc1 Rg1+ 39. Kd2 Rg2+ 40. Kd3 Kd8 41. Rh5 Rxb2 42. Rxg5 Rxa2 43. Bxf5 exf5 44. Rxf5 Rh2 45. Rh5 a4 46. Rh6 Kc7 47. Rh7+ Kd8 48. h4 a3 49. Ra7 Rxh4 50. Rxa3 Rh6 51. Ra7 Rh3+ 52. Kc2 Re3 53. Kb3 Kc8 54. Kb4 Kb8 55. Re7 Kc8 56. Rf7 Kd8 57. Ra7 Kc8 58. Ra3 Kb7 59. Kc5 Kc7 60. Ra7+ Kb8 61. Kb6 Rxc3 62. e6 Re3 63. e7 Re6 64. Rd7 1-0

[Event "AUT-chT 9596"]
[Site "Vorarlberg"]
[Date "1995.??.??"]
[Round "5"]
[White "Zech, Ludwig"]
[Black "Fehr, Dominik"]
[Result "1/2-1/2"]
[WhiteElo "1700"]
[BlackElo "1810"]
[PlyCount "74"]
[EventDate "1995.??.??"]
[EventType "team"]
[EventRounds "9"]
[EventCountry "AUT"]
[SourceTitle "EXT 1999"]
[Source "ChessBase"]
[SourceDate "1998.11.16"]
[SourceVersion "1"]
[SourceVersionDate "1998.11.16"]
[SourceQuality "1"]

1. d4 Nf6 2. c4 c5 3. e3 g6 4. Nf3 Bg7 5. Nc3 cxd4 6. exd4 0-0 7. Bd3 d5 8. h3 Nc6 9. Be3 dxc4 10. Bxc4 Ne8 11. 0-0 Nd6 12. Bb3 b6 13. Rc1 Ba6 14. Re1 Nb4 15. Bc2 Nc4 16. Rb1 Rc8 17. a3 Nxc2 18. Qxc2 Bb7 19. Nd2 Nd6 20. Rbd1 Nb5 21. Nb3 Nxc3 22. bxc3 Qd6 23. Bd2 Qd5 24. f3 Qd6 25. Qb2 Rfd8 26. Nc1 Bxf3 27. gxf3 Qg3+ 28. Kf1 Qxf3+ 29. Kg1 Qg3+ 30. Kf1 Qxh3+ 31. Kf2 Rc6 32. Bf4 Rxc3 33. Be3 Qh2+ 34. Kf3 Qxb2 35. Ne2 Rxe3+ 36. Kxe3 Bh6+ 37. Kf2 Rd6 1/2-1/2